[Event "38th Olympiad"]
[Site "Dresden GER"]
[Date "2008.11.20"]
[Round "7"]
[White "Svetushkin,D"]
[Black "Kosic,D"]
[Result "1/2-1/2"]
[WhiteElo "2588"]
[BlackElo "2511"]
[EventDate "2008.11.13"]

1. d4 e6 2. Nf3 Nf6 3. c4 Bb4+ 4. Nbd2 b6 5. a3 Bxd2+ 6. Qxd2 Bb7 7. e3 d6
8. Be2 Nbd7 9. b4 O-O 10. O-O Qe7 11. Bb2 Rfd8 12. Rad1 c5 13. dxc5 dxc5
14. Qd6 Qxd6 15. Rxd6 Ne4 16. Rd3 Nf8 17. Rfd1 Rxd3 18. Rxd3 f6 19. Nd2
Nxd2 20. Rxd2 Rc8 21. b5 Rc7 22. Bc3 Rd7 23. Ra2 Be4 24. a4 Bd3 25. Kf1
Bxe2+ 26. Kxe2 a5 27. bxa6 Ra7 28. Kd3 Rxa6 29. g4 Kf7 30. Ke4 Ng6 31. f4
Ne7 32. f5 Nc8 33. fxe6+ Kxe6 34. g5 Nd6+ 35. Kd3 fxg5 36. Bxg7 Nf7 37. Rf2
Ne5+ 38. Ke4 Nxc4 39. Rf6+ Ke7 40. Rh6 Rxa4 41. Bf6+ Kf8 42. Rxh7 Nd6+ 43.
Kd5 Ne4 44. Be5 g4 45. Rb7 Rb4 46. Ke6 Ng5+ 47. Kf5 Nf3 48. Bf4 Ke8 49. Rh7
b5 50. Kxg4 Nd2 51. Kf5 Re4 52. h4 b4 53. Rh8+ Kd7 54. Bg5 Re8 55. Rxe8
Kxe8 56. h5 Nc4 57. Ke4 Kf7 58. Bf4 b3 59. Kd3 Na3 60. Be5 c4+ 61. Kc3 Nc2
62. e4 Ne3 63. Bd4 Nf1 64. h6 Kg6 65. Kxc4 Nd2+ 66. Kd5 Nxe4 67. Kxe4
1/2-1/2

[Event "38th Olympiad"]
[Site "Dresden GER"]
[Date "2008.11.20"]
[Round "7"]
[White "Eid,Fa"]
[Black "Kulaots,K"]
[Result "0-1"]
[WhiteElo "2390"]
[BlackElo "2556"]
[EventDate "2008.11.13"]

1. e4 c5 2. Nf3 e6 3. d4 cxd4 4. Nxd4 a6 5. Nc3 b5 6. g3 Bb7 7. Bg2 Nc6 8.
Nxc6 Bxc6 9. O-O h5 10. a4 bxa4 11. Nd5 Bc5 12. Qd3 exd5 13. exd5 Bb7 14.
Rxa4 Nf6 15. Re1+ Kf8 16. b4 Bb6 17. c4 d6 18. Qc2 Rc8 19. Bg5 Qd7 20. Bxf6
gxf6 21. Raa1 Kg7 22. Be4 Rhe8 23. Qd3 Re5 24. Kg2 Rce8 25. f4 R5e7 26.
Rac1 Bc8 27. c5 dxc5 28. bxc5 Qh3+ 29. Kg1 Bf5 30. cxb6 Bxe4 31. Qd2 Bxd5
32. Rxe7 Rxe7 33. Qxd5 Re2 34. Qf3 Qxh2+ 35. Kf1 Rb2 36. b7 Qh3+ 37. Ke1
Qh2 38. Kf1 a5 39. Ra1 a4 40. g4 a3 41. g5 a2 0-1

[Event "38th Olympiad"]
[Site "Dresden GER"]
[Date "2008.11.20"]
[Round "7"]
[White "Kanep,M"]
[Black "Khairallah,F"]
[Result "1/2-1/2"]
[WhiteElo "2526"]
[BlackElo "2337"]
[EventDate "2008.11.13"]

1. e4 c5 2. Nf3 Nc6 3. d4 cxd4 4. Nxd4 Qb6 5. Nb3 Nf6 6. Nc3 e6 7. Qe2 Bb4
8. Bd2 O-O 9. a3 Be7 10. O-O-O d5 11. Be3 Qc7 12. exd5 Nxd5 13. Nxd5 exd5
14. g4 Ne5 15. h3 Nc4 16. Bd4 Be6 17. Kb1 Rfc8 18. Rd3 b5 19. Bg2 a5 20.
Nc1 Ra6 21. Re1 Rc6 22. c3 Bf8 23. Na2 Rb8 24. Be5 Nxe5 25. Qxe5 Bd6 26.
Qe2 b4 27. cxb4 axb4 28. axb4 Ra8 29. Bxd5 Bxd5 30. Rxd5 Rca6 31. Rc1 Qa7
32. Ra5 Rxa5 33. bxa5 Qxa5 34. Qc4 g6 35. Rd1 1/2-1/2

[Event "38th Olympiad"]
[Site "Dresden GER"]
[Date "2008.11.20"]
[Round "7"]
[White "Kassis,A LIB"]
[Black "Sepp,O"]
[Result "0-1"]
[WhiteElo "2238"]
[BlackElo "2448"]
[EventDate "2008.11.13"]

1. e4 e5 2. Nc3 Nf6 3. f4 d5 4. fxe5 Nxe4 5. Qf3 f5 6. d3 Nxc3 7. bxc3 d4
8. Qf4 Nc6 9. Nf3 dxc3 10. Qc4 h6 11. Be2 g5 12. Nh4 Qd4 13. Bh5+ Kd8 14.
Ng6 Qxc4 15. dxc4 Rg8 16. Nxf8 Nb4 17. Ng6 Nxc2+ 18. Kf2 c5 19. Rb1 b6 20.
Rb3 f4 21. Rxc3 Bf5 22. e6 Rxg6 23. Bxg6 Bxg6 24. g3 Ke7 25. gxf4 Rf8 26.
Kg3 Nd4 27. Re1 gxf4+ 28. Bxf4 Bh5 29. Rd3 Ne2+ 30. Rxe2 Bxe2 31. Rd7+ Kxe6
32. Rxa7 Bxc4 33. Bxh6 Rg8+ 34. Kf2 Kf5 35. h4 Kg4 36. Bg5 Re8 37. a3 Re2+
38. Kg1 Re1+ 39. Kf2 Re2+ 40. Kg1 Kg3 41. Re7 Rg2+ 42. Kh1 Bd5 0-1

[Event "38th Olympiad"]
[Site "Dresden GER"]
[Date "2008.11.20"]
[Round "7"]
[White "Volodin,Alek"]
[Black "Sakr,N"]
[Result "1-0"]
[WhiteElo "2393"]
[BlackElo "2121"]
[EventDate "2008.11.13"]

1. d4 Nf6 2. Bg5 e6 3. Nd2 d5 4. e3 Nbd7 5. c3 c5 6. Bd3 Be7 7. f4 b6 8.
Ngf3 Bb7 9. O-O O-O 10. Qe1 Ne4 11. Bxe7 Qxe7 12. Bxe4 dxe4 13. Ne5 Rac8
14. Rd1 cxd4 15. exd4 f5 16. Qe3 Ba6 17. Rfe1 Rfd8 18. Nxd7 Rxd7 19. Rc1
Qd6 20. h3 Bd3 21. Nf3 exf3 22. Qxd3 Qxf4 23. Qxf3 Qxf3 24. gxf3 g5 25. Kf2
Kf7 26. Ke3 Kf6 27. h4 Rg8 28. hxg5+ Rxg5 29. Rc2 Rdg7 30. Rh1 Rg2 31. Rh6+
Ke7 32. Rf2 Kd6 33. a4 a6 34. Rh2 Rg1 35. Re2 Ra1 36. b3 Rc1 37. Kd3 Rd1+
38. Kc2 Rf1 39. Rh6 Rg6 40. Rh3 b5 41. c4 bxc4 42. bxc4 h6 43. Kc3 Rc1+ 44.
Kd3 Rd1+ 45. Rd2 Ra1 46. Kc3 Rxa4 47. Rh1 Ra3+ 48. Kb4 Rxf3 49. Ra1 Rg8 50.
Rxa6+ Kd7 51. Ra7+ Kc6 52. Ra6+ Kd7 53. Ra7+ Kc6 54. Re2 Rb8+ 55. Ka4 Re8
56. Ra6+ Kd7 57. Rg2 Re7 58. Rg8 e5 59. d5 Rf4 60. Kb5 1-0

[Event "38th Olympiad"]
[Site "Dresden GER"]
[Date "2008.11.20"]
[Round "7"]
[White "Korchnoi,V"]
[Black "Jones,Ri"]
[Result "1/2-1/2"]
[WhiteElo "2584"]
[BlackElo "2075"]
[EventDate "2008.11.13"]

1. d4 Nf6 2. c4 g6 3. Nc3 Bg7 4. e4 d6 5. Be2 O-O 6. Nf3 e5 7. O-O Nc6 8.
d5 Ne7 9. Ne1 Nd7 10. Be3 f5 11. f3 f4 12. Bf2 g5 13. Nb5 b6 14. b4 Nf6 15.
c5 a6 16. cxd6 cxd6 17. Nc3 Bd7 18. b5 a5 19. Rc1 Rc8 20. Nd3 Kh8 21. Nb2
g4 22. fxg4 Rxc3 23. Rxc3 Nxe4 24. Rc2 Nxf2 25. Rxf2 e4 26. Na4 Be8 27. Rc4
Bg6 28. Nc3 e3 29. Rf1 Be5 30. Bd3 Bxd3 31. Qxd3 Ng6 32. h3 Qh4 33. Qe2 Qh6
34. Ne4 Nh4 35. g5 Qg6 36. Qg4 Nf5 37. Rc7 Nd4 38. Nf6 Bxf6 39. gxf6 Qxg4
40. hxg4 Rxf6 41. g5 Rf5 42. Rd1 Ne2+ 43. Kh2 Rxg5 44. Kh3 Rg3+ 45. Kh2 Rg5
46. Kh3 Ng3 47. Rf7 Ne4 48. Rxf4 Nf2+ 49. Kh4 Re5 50. Rc1 Nd3 51. Rc8+ Kg7
52. Rg4+ Kf7 53. Rgg8 e2 1/2-1/2

[Event "38th Olympiad"]
[Site "Dresden GER"]
[Date "2008.11.20"]
[Round "7"]
[White "Rees,I"]
[Black "Pelletier,Y"]
[Result "1/2-1/2"]
[WhiteElo "2297"]
[BlackElo "2557"]
[EventDate "2008.11.13"]

1. Nf3 Nf6 2. c4 e6 3. Nc3 d5 4. d4 c6 5. Bg5 Nbd7 6. e3 Qa5 7. cxd5 Nxd5
8. Qd2 Bb4 9. Rc1 h6 10. Bh4 c5 11. Bd3 cxd4 12. Nxd4 O-O 13. e4 Nxc3 14.
bxc3 Ba3 15. Rb1 a6 16. O-O Qc7 17. f4 e5 18. Nf5 exf4 19. Qxf4 Bc5+ 20.
Kh1 Qxf4 21. Rxf4 Ne5 22. Bc2 Ng6 23. Rff1 Nxh4 24. Nxh4 Be6 25. Rxb7 Bxa2
26. Ra1 Be6 27. Nf5 Rfc8 28. Bb3 Bxb3 29. Rxb3 a5 30. Ra4 Rab8 31. Rxb8
Rxb8 32. g3 Bb6 33. Kg2 Kf8 34. Kf3 Rc8 35. c4 h5 36. Ne3 Ke8 37. Nf5 Kf8
38. Ne3 Bd8 39. h3 g6 40. Nd5 Ke8 41. g4 h4 42. g5 Kd7 43. Kf4 Kd6 44. e5+
Kc5 45. Ke4 Rb8 46. Nf4 Bxg5 47. Rxa5+ Kxc4 48. Ra7 f5+ 49. exf6 Re8+ 1/2-1/2

[Event "38th Olympiad"]
[Site "Dresden GER"]
[Date "2008.11.20"]
[Round "7"]
[White "Jenni,F"]
[Black "Kett,T"]
[Result "1-0"]
[WhiteElo "2543"]
[BlackElo "2272"]
[EventDate "2008.11.13"]

1. e4 c5 2. Nf3 Nc6 3. Bb5 g6 4. O-O Bg7 5. Bxc6 dxc6 6. h3 e5 7. d3 Ne7 8.
Be3 b6 9. Qd2 O-O 10. Bh6 f6 11. Bxg7 Kxg7 12. a3 Be6 13. Qc3 Qd7 14. Nbd2
g5 15. Rfe1 Ng6 16. Nc4 Kh8 17. b4 cxb4 18. axb4 Rg8 19. Re3 g4 20. hxg4
Bxg4 21. Nh2 Be6 22. Rg3 Nf4 23. Re1 Bxc4 24. Qxc4 Rxg3 25. fxg3 Nh5 26.
Rf1 Kg7 27. g4 Nf4 28. g3 Qd4+ 29. Qxd4 Ne2+ 30. Kf2 Nxd4 31. c3 Nb5 32.
Ke3 a5 33. bxa5 bxa5 34. Kd2 a4 35. Ra1 a3 36. Ra2 Kf7 37. Nf3 h6 38. Nh4
c5 39. Nf5 Kg6 40. Kc2 Rd8 41. c4 Nd4+ 42. Nxd4 exd4 43. Rxa3 Kg5 44. Ra7
Rg8 45. Rc7 Kxg4 46. Rxc5 h5 47. Rf5 Rh8 48. Rxf6 Kxg3 49. c5 Rb8 50. Rd6
h4 51. Rxd4 Rc8 52. Rd5 Rh8 53. Rf5 Kg2 54. Kd2 h3 55. Ke3 h2 56. Rf2+ Kg3
57. Rxh2 Rxh2 58. e5 Kg4 59. Ke4 Kg5 60. Kd5 Kg6 61. d4 Kf7 62. Kd6 Ke8 63.
c6 Rc2 64. e6 Rc1 65. d5 Rc2 66. Kc7 Re2 67. d6 Rd2 68. d7+ Ke7 69. Kc8
Kxe6 70. Kc7 1-0

[Event "38th Olympiad"]
[Site "Dresden GER"]
[Date "2008.11.20"]
[Round "7"]
[White "Spice,A"]
[Black "Gallagher,Jo"]
[Result "1/2-1/2"]
[WhiteElo "2173"]
[BlackElo "2480"]
[EventDate "2008.11.13"]

1. Nc3 c5 2. Nf3 Nf6 3. e4 d6 4. e5 dxe5 5. Nxe5 a6 6. g3 Nbd7 7. Nf3 b5 8.
Bg2 Bb7 9. O-O e6 10. b3 Be7 11. Bb2 O-O 12. Qe2 Qc7 13. a4 b4 14. Nd1 Nd5
15. Ne5 a5 16. Re1 N7b6 17. d3 Rae8 18. Ne3 Nxe3 19. Qxe3 Bxg2 20. Kxg2 Bd6
21. Qe4 Bxe5 22. Bxe5 Qd7 23. Re2 f6 24. Bb2 e5 25. Rae1 Qd6 26. Qh4 Qc6+
27. Kg1 h6 28. Qh5 Kh7 29. Bc1 Nd7 30. f4 Qe6 31. f5 Qf7 32. Qh3 Rh8 33.
Re4 Kg8 34. Rg4 Kf8 35. Qg2 h5 36. Rc4 Rc8 37. Qb7 Rb8 38. Qc7 Qd5 39. Be3
Kg8 40. Rxc5 Nxc5 41. Qxb8+ Kh7 42. Qb5 Rc8 43. Qxa5 h4 44. Qxb4 hxg3 45.
hxg3 Qf3 46. Qh4+ Kg8 47. Qc4+ Kh7 48. Bf2 e4 49. dxe4 Ne6 50. Qe2 Ng5 51.
Qxf3 Nxf3+ 52. Kg2 Nxe1+ 53. Bxe1 Rxc2+ 54. Kf3 Ra2 55. a5 Ra3 56. Kf4 Rxb3
57. g4 Kg8 58. Bf2 Kf7 59. a6 Ra3 60. a7 g5+ 61. fxg6+ Kxg6 62. Be3 Kf7 63.
Bd4 Ke6 64. g5 fxg5+ 65. Kxg5 Rxa7 66. Bxa7 Ke5 1/2-1/2

[Event "38th Olympiad"]
[Site "Dresden GER"]
[Date "2008.11.20"]
[Round "7"]
[White "Belkhodja,S"]
[Black "Hansen,LB"]
[Result "1/2-1/2"]
[WhiteElo "2476"]
[BlackElo "2570"]
[EventDate "2008.11.13"]

1. e4 c6 2. d4 d5 3. exd5 cxd5 4. c4 Nf6 5. Nc3 e6 6. Nf3 Be7 7. cxd5 Nxd5
8. Bd3 Nc6 9. O-O O-O 10. Re1 Bf6 11. Be4 Nce7 12. Ne5 g6 13. Bh6 Bg7 14.
Bxg7 Kxg7 15. Qf3 b6 16. Bxd5 Nxd5 17. Nxd5 Qxd5 18. Qxd5 exd5 19. Rac1 Be6
20. Rc7 Rfc8 21. Rec1 Rxc7 22. Rxc7 Rc8 23. Rxc8 Bxc8 24. Kf1 f6 25. Nf3
Kf7 26. Ke1 Ke7 27. Kd2 Bg4 28. Ne1 Bf5 29. f3 Kd6 30. g3 Be6 31. Ng2 Bd7
32. Ne3 1/2-1/2

[Event "38th Olympiad"]
[Site "Dresden GER"]
[Date "2008.11.20"]
[Round "7"]
[White "Schandorff,L"]
[Black "Njili,K"]
[Result "1/2-1/2"]
[WhiteElo "2520"]
[BlackElo "2350"]
[EventDate "2008.11.13"]

1. d4 Nf6 2. c4 e6 3. Nc3 Bb4 4. Qc2 O-O 5. a3 Bxc3+ 6. Qxc3 Ne4 7. Qc2 d5
8. e3 c5 9. dxc5 a5 10. Nf3 Nd7 11. b3 Ndxc5 12. Rb1 Bd7 13. Be2 Rc8 14.
O-O dxc4 15. bxc4 Ba4 16. Qb2 b6 17. Nd2 Nd3 18. Bxd3 Qxd3 19. Qd4 Qxd4 20.
exd4 Nxd2 21. Bxd2 Rxc4 22. Rxb6 Rxd4 23. Bxa5 Rc8 24. Rb4 Rxb4 25. axb4
Rc4 26. h3 f6 27. Ra1 Bc6 28. Rb1 Be4 29. Rb3 Rc1+ 30. Kh2 Rb1 1/2-1/2

[Event "38th Olympiad"]
[Site "Dresden GER"]
[Date "2008.11.20"]
[Round "7"]
[White "Bouaziz,M"]
[Black "Rasmussen,A"]
[Result "0-1"]
[WhiteElo "2203"]
[BlackElo "2513"]
[EventDate "2008.11.13"]

1. d4 d5 2. Nf3 Nf6 3. e3 e6 4. Bd3 c5 5. b3 Nc6 6. Bb2 Bd6 7. O-O Qc7 8.
Na3 a6 9. c4 Qe7 10. Nc2 dxc4 11. bxc4 O-O 12. Ne5 Rd8 13. f4 Bd7 14. Qf3
Be8 15. Qh3 g6 16. Rad1 b5 17. Qh6 cxd4 18. exd4 bxc4 19. Bxc4 Qa7 20. Kh1
Rab8 21. Ba1 Bf8 22. Qh3 Rd6 23. f5 Nxe5 24. dxe5 Rxd1 25. Rxd1 Ne4 26. Bd4
Qxd4 27. Nxd4 Nf2+ 28. Kg1 Nxh3+ 29. gxh3 Rb4 30. Nxe6 Rxc4 31. Rd8 fxe6
32. Rxe8 exf5 33. Re6 Rc1+ 34. Kg2 Rc2+ 35. Kg3 Rxa2 36. h4 Ra3+ 37. Kf4
Bh6+ 0-1

[Event "38th Olympiad"]
[Site "Dresden GER"]
[Date "2008.11.20"]
[Round "7"]
[White "Glud,J"]
[Black "Laouini,Sa"]
[Result "1-0"]
[WhiteElo "2441"]
[BlackElo "2209"]
[EventDate "2008.11.13"]

1. d4 Nf6 2. c4 e6 3. Nc3 Bb4 4. e3 O-O 5. Nge2 b6 6. a3 Be7 7. g3 Ba6 8.
Bg2 d5 9. cxd5 exd5 10. O-O Bb7 11. b4 a6 12. Qb3 c6 13. a4 b5 14. a5 Nbd7
15. f3 Ne8 16. e4 dxe4 17. fxe4 Nd6 18. e5 Nc4 19. Ne4 Nb8 20. Qf3 Ra7 21.
Qh5 f6 22. exf6 Bxf6 23. Nxf6+ gxf6 24. Qc5 Ra8 25. Bh6 Rf7 26. Rf4 Nd7 27.
Qh5 Qe7 28. Re4 Nde5 29. dxe5 f5 30. Bg5 Qxb4 31. e6 Rc7 32. Rd4 1-0

[Event "38th Olympiad"]
[Site "Dresden GER"]
[Date "2008.11.20"]
[Round "7"]
[White "Adly,A"]
[Black "Mas,H"]
[Result "1-0"]
[WhiteElo "2586"]
[BlackElo "2439"]
[EventDate "2008.11.13"]

1. Nf3 Nf6 2. g3 d5 3. Bg2 c6 4. O-O Bf5 5. d3 h6 6. b3 Nbd7 7. Bb2 e6 8.
Nbd2 Bh7 9. e4 dxe4 10. dxe4 Nxe4 11. Nxe4 Bxe4 12. Re1 Bxf3 13. Qxf3 Qg5
14. Rad1 Qg6 15. Qf4 O-O-O 16. Be4 f5 17. Bxc6 bxc6 18. Qc4 Nc5 19. b4 Qg4
20. Rxd8+ Kxd8 21. Qxg4 fxg4 22. bxc5 Kd7 23. Rd1+ Kc8 24. Re1 Kd7 25. Re4
h5 26. Bd4 Rh7 27. Rf4 Ke8 28. Be3 g5 29. Re4 Kd7 30. Rd4+ Kc8 31. Bxg5 Rf7
32. Rc4 e5 33. h3 gxh3 34. Be3 Be7 35. Kh2 Bd8 36. Re4 Rf5 37. Kxh3 Kd7 38.
Ra4 a5 39. Kg2 Ke6 40. Ra3 Rf7 41. Rd3 Be7 42. Rb3 Bd8 43. Rb8 Kd7 44. Ra8
Rf5 45. f3 h4 46. gxh4 Rh5 47. Kg3 Bf6 48. Kg4 Rxh4+ 49. Kf5 Rh3 50. Ra7+
Kc8 51. Kxf6 Rxf3+ 52. Kxe5 Rxe3+ 53. Kd6 Kb8 54. Rxa5 Kb7 55. Ra4 Rc3 56.
Rb4+ Ka7 57. Kc7 Ra3 58. Kxc6 Rxa2 59. Kc7 Ka6 60. c4 Ra5 61. c6 Ra1 62.
Kb8 1-0

[Event "38th Olympiad"]
[Site "Dresden GER"]
[Date "2008.11.20"]
[Round "7"]
[White "Lim Yee Weng"]
[Black "Amin,B"]
[Result "0-1"]
[WhiteElo "2396"]
[BlackElo "2560"]
[EventDate "2008.11.13"]

1. Nf3 Nf6 2. d4 g6 3. Bf4 Bg7 4. Nbd2 O-O 5. e4 d6 6. Be2 Qe8 7. O-O Nbd7
8. h3 e5 9. dxe5 dxe5 10. Be3 b6 11. c3 Bb7 12. Qa4 a6 13. Bd3 Nh5 14. Rfe1
Kh8 15. Qc2 Nf4 16. Bf1 Ne6 17. Ng5 f5 18. Nxe6 Qxe6 19. f3 f4 20. Bf2 g5
21. Bc4 Qg6 22. Kf1 h5 23. Ke2 Rad8 24. Rad1 Nf6 25. Nb3 Nxe4 26. Bd3 Ng3+
27. Bxg3 e4 28. Bxe4 Bxe4 29. fxe4 fxg3 30. Rxd8 Rxd8 31. Nd2 Bh6 32. Rd1
g4 33. hxg4 Rf8 34. Rf1 Qxg4+ 35. Nf3 Re8 36. Re1 h4 37. Kf1 h3 38. Kg1 Rd8
39. e5 Qh5 40. e6 Qc5+ 41. Kh1 Rg8 42. Ne5 Qf2 43. Nf7+ Kg7 44. Qxf2 gxf2
45. Rd1 Kf6 46. g4 Be3 47. g5+ Kxe6 0-1

[Event "38th Olympiad"]
[Site "Dresden GER"]
[Date "2008.11.20"]
[Round "7"]
[White "Ezat,M"]
[Black "Mok Tze Meng"]
[Result "1-0"]
[WhiteElo "2425"]
[BlackElo "2308"]
[EventDate "2008.11.13"]

1. d4 g6 2. c4 Bg7 3. e4 d6 4. Nc3 Nc6 5. d5 Ne5 6. Be2 Nf6 7. Nf3 Nxf3+ 8.
Bxf3 O-O 9. Bg5 a6 10. O-O Rb8 11. Rc1 c5 12. a4 Bd7 13. Be2 Ne8 14. f4 b6
15. Re1 Nc7 16. Bf1 Bd4+ 17. Kh1 Re8 18. e5 f6 19. Bh4 Rf8 20. Rc2 b5 21.
e6 Be8 22. axb5 axb5 23. Ne2 bxc4 24. Nxd4 cxd4 25. Qxd4 Ba4 26. Rcc1 Bb3
27. Bxc4 Rb4 28. Qc3 Rxc4 29. Qxb3 Rxf4 30. Bg3 Rf5 31. Red1 Na6 32. Qb7
Nc5 33. Rxc5 dxc5 34. d6 exd6 35. e7 Qc8 36. exf8=Q+ Qxf8 37. h3 Qf7 38.
Qc8+ Kg7 39. Bxd6 h5 1-0

[Event "38th Olympiad"]
[Site "Dresden GER"]
[Date "2008.11.20"]
[Round "7"]
[White "Lee Kim Han,E"]
[Black "Abdel Razik,K"]
[Result "0-1"]
[WhiteElo "2054"]
[BlackElo "2406"]
[EventDate "2008.11.13"]

1. e4 e6 2. d4 d5 3. Nc3 Be7 4. Nf3 Nf6 5. Bd3 c5 6. dxc5 dxe4 7. Nxe4 Nxe4
8. Bxe4 Qxd1+ 9. Kxd1 Bxc5 10. Ke2 Nd7 11. Be3 Bxe3 12. fxe3 Nc5 13. Bd3 f6
14. b4 Na4 15. Bb5+ Bd7 16. Bxa4 Bxa4 17. c4 e5 18. Nd2 O-O-O 19. Nb3 Be8
20. h3 Bh5+ 21. g4 Bf7 22. Nd2 Bg6 23. Rad1 Bd3+ 24. Ke1 h5 25. g5 Bc2 26.
Rc1 Bf5 27. h4 Rd3 28. Nf1 Bg4 29. gxf6 gxf6 30. Rh2 f5 31. Rd2 Ra3 32. Kf2
f4 33. Re1 Rf8 34. Kg2 Rg8 35. Kh2 Be6 36. Rc2 Bf5 37. Rd2 a5 38. bxa5 Kb8
39. Ree2 Bd3 40. Rg2 Rg4 41. Kg1 Bxf1 42. Kxf1 Rxe3 43. Rde2 Rc3 44. Rxg4
hxg4 45. Rxe5 g3 46. Rg5 Rxc4 47. h5 Rc1+ 48. Kg2 Rc2+ 49. Kg1 Rxa2 50. Rf5
Rh2 51. Rxf4 Rxh5 52. a6 bxa6 53. Rg4 Kb7 54. Kf1 Rf5+ 55. Ke2 Rf2+ 56. Kd3
Rg2 57. Kc4 Rg1 58. Rg7+ Kb6 59. Rg6+ Ka5 60. Kb3 Kb5 61. Rg4 Kc5 62. Kb2
Kd5 0-1

[Event "38th Olympiad"]
[Site "Dresden GER"]
[Date "2008.11.20"]
[Round "7"]
[White "Salem,AR"]
[Black "Efimov,Ig"]
[Result "1-0"]
[WhiteElo "2476"]
[BlackElo "2442"]
[EventDate "2008.11.13"]

1. d4 d5 2. c4 e6 3. Nc3 Bb4 4. Nf3 Ne7 5. Qa4+ Nbc6 6. e3 O-O 7. Bd3 dxc4
8. Bxc4 Ng6 9. h4 Re8 10. h5 Nf8 11. h6 g6 12. Bd2 Be7 13. a3 a6 14. Ba2
Rb8 15. Qc2 b5 16. d5 exd5 17. Nxd5 Bb7 18. Qc3 Ne6 19. Rd1 a5 20. b4 axb4
21. axb4 Ra8 22. Bb3 Ra3 23. Bc1 Qxd5 24. Bxa3 Qf5 1-0

[Event "38th Olympiad"]
[Site "Dresden GER"]
[Date "2008.11.20"]
[Round "7"]
[White "Van Hoolandt,P"]
[Black "Ali,Ab"]
[Result "1-0"]
[WhiteElo "2231"]
[BlackElo "2130"]
[EventDate "2008.11.13"]

1. d4 Nf6 2. c4 e6 3. Nf3 Bb4+ 4. Bd2 Qe7 5. g3 b6 6. Bg2 Bb7 7. O-O Bxd2
8. Qxd2 O-O 9. Nc3 d5 10. cxd5 exd5 11. Rac1 Nbd7 12. Qf4 c6 13. Rfe1 Rfe8
14. Qc7 Rab8 15. Nh4 g6 16. e4 Rec8 17. Qf4 Nh5 18. Qh6 dxe4 19. Nxe4 Qf8
20. Qxf8+ Rxf8 21. Nd6 Ba8 22. Bxc6 Bxc6 23. Rxc6 Ndf6 24. Re7 Ra8 25. Nb5
Nd5 26. Rxa7 Rxa7 27. Nxa7 Ra8 28. Rc8+ Rxc8 29. Nxc8 Nhf6 30. Ng2 Nd7 31.
a3 Nc7 32. Ne3 f6 33. Kf1 Ne6 34. d5 Nd4 35. a4 Kf8 36. h4 b5 37. axb5 Nxb5
38. Nc4 Ke8 39. N8d6+ Nxd6 40. Nxd6+ Ke7 41. Nc4 f5 42. Ke2 Nf6 43. d6+ Ke6
44. f3 f4 45. g4 Kd5 46. Kd3 Nd7 47. b4 h6 48. g5 hxg5 49. hxg5 Nf8 50. b5
Ne6 51. b6 Nc5+ 52. Kc3 Kc6 53. Kd4 Ne6+ 54. Ke5 Nxg5 55. Kxf4 Ne6+ 56. Ke5
Nd8 57. Kf6 Kd5 58. Ke7 Nc6+ 59. Ke8 Kxc4 60. d7 Kc5 61. b7 Kd5 1-0

[Event "38th Olympiad"]
[Site "Dresden GER"]
[Date "2008.11.20"]
[Round "7"]
[White "Hassan,Ab"]
[Black "Krulich,R"]
[Result "1-0"]
[WhiteElo "2287"]
[BlackElo "2239"]
[EventDate "2008.11.13"]

1. d4 d5 2. Nf3 Nf6 3. c4 c6 4. e3 a6 5. Nc3 b5 6. c5 g6 7. Be2 Bg7 8. Ne5
Nfd7 9. Nd3 e5 10. a4 e4 11. Nb4 Bb7 12. axb5 axb5 13. Rxa8 Bxa8 14. Bd2
O-O 15. Qa1 Bb7 16. O-O f5 17. Qa7 Qc8 18. Rc1 Nf6 19. Nxb5 cxb5 20. c6
Nxc6 21. Nxc6 Bxc6 22. Qb6 f4 23. Qxc6 Qf5 24. exf4 g5 25. Bb4 Re8 26. Bh5
Rd8 27. Be7 Nxh5 28. Bxd8 Nxf4 29. Qc8 Ne2+ 30. Kf1 Nxd4 31. Bb6+ Kf7 32.
Rc7+ Kg6 33. Rxg7+ 1-0

[Event "38th Olympiad"]
[Site "Dresden GER"]
[Date "2008.11.20"]
[Round "7"]
[White "Gentilleau,JP"]
[Black "AlHuwar,J"]
[Result "0-1"]
[WhiteElo "2158"]
[BlackElo "2230"]
[EventDate "2008.11.13"]

1. Nf3 Nf6 2. c4 g6 3. g3 Bg7 4. Bg2 O-O 5. O-O d6 6. Nc3 e5 7. d3 Nc6 8.
Rb1 h6 9. b4 Be6 10. b5 Ne7 11. Nd2 Qc8 12. e4 c6 13. bxc6 bxc6 14. Ba3 Rd8
15. Qa4 Rd7 16. Rfc1 Ne8 17. Nd5 c5 18. Nxe7+ Rxe7 19. Nf1 Rb8 20. Ne3 Reb7
21. Qc2 Nc7 22. Nd1 Bd7 23. Nc3 Ne6 24. Rxb7 Rxb7 25. Rb1 Nd4 26. Qd1 Bc6
27. Rxb7 Qxb7 28. Ne2 Nxe2+ 29. Qxe2 Qb1+ 30. Bf1 Ba4 31. Qb2 Bc2 32. Qc3
Qxa2 33. h4 Qb1 34. Kg2 Kh7 35. h5 gxh5 36. Qd2 Qd1 37. Qe3 Qg4 38. Be2 Qg5
39. Qf3 Kg8 40. Bd1 Bxd1 41. Qxd1 h4 42. Bc1 Qg6 43. Qa4 hxg3 44. fxg3 Bf6
45. Be3 h5 46. Qd7 Bg5 47. Bxg5 Qxg5 48. Qxd6 h4 49. Qxc5 Qxg3+ 50. Kf1 h3
51. Qxa7 h2 52. Qb8+ Kg7 53. Qxe5+ Qxe5 0-1

[Event "38th Olympiad"]
[Site "Dresden GER"]
[Date "2008.11.20"]
[Round "7"]
[White "Georgiev,Vl"]
[Black "Iturrizaga,E"]
[Result "1-0"]
[WhiteElo "2517"]
[BlackElo "2538"]
[EventDate "2008.11.13"]

1. e4 c6 2. d4 d5 3. exd5 cxd5 4. Bd3 Nc6 5. c3 g6 6. Nf3 Bg7 7. O-O Nf6 8.
Bf4 O-O 9. Nbd2 Nh5 10. Bg5 f6 11. Bh4 Nf4 12. Bc2 g5 13. Bg3 e5 14. c4 e4
15. cxd5 exf3 16. dxc6 Ne2+ 17. Kh1 fxg2+ 18. Kxg2 Nxd4 19. c7 Qd7 20. Nf3
Qh3+ 21. Kg1 Bg4 22. Nxd4 Bxd1 23. Rfxd1 f5 24. Bxf5 Rxf5 25. Nxf5 Bf6 26.
Nd6 h5 27. Rac1 h4 28. c8=Q+ Rxc8 29. Rxc8+ Kh7 30. Rc7+ Kg6 31. Ne4 Qg4
32. Re1 Qf3 33. Nd2 Qd5 34. Ne4 hxg3 35. hxg3 Qa5 36. Rec1 Bxb2 37. R7c5
Qb4 38. R1c4 Qe1+ 39. Kg2 Bf6 40. Nxf6 Kxf6 41. a4 Qd1 42. g4 Qd7 43. Re4
b6 44. Rf5+ Kg6 45. a5 Qc6 46. Rfe5 Kf6 47. axb6 axb6 48. Rf5+ Kg6 49. f3
Qc2+ 50. Kg3 Qc1 51. Re6+ Kh7 52. Kf2 Qd2+ 53. Re2 Qd4+ 54. Kg2 Kg6 55. Rb5
Kh6 56. Reb2 Kh7 57. Rxb6 Kg7 58. Rb7+ Kg8 59. Ra2 Qd8 60. Raa7 Qf8 61. Rc7
Kh8 62. Rf7 Qg8 63. Kf2 Qg7 64. Ra8+ 1-0

[Event "38th Olympiad"]
[Site "Dresden GER"]
[Date "2008.11.20"]
[Round "7"]
[White "Prasca Sosa,R"]
[Black "Nedev,T"]
[Result "1/2-1/2"]
[WhiteElo "2410"]
[BlackElo "2525"]
[EventDate "2008.11.13"]

1. e4 c5 2. Nf3 Nc6 3. Nc3 Nf6 4. Bb5 g6 5. h3 Bg7 6. e5 Ng8 7. Bxc6 dxc6
8. d3 Nh6 9. Be3 b6 10. g4 f6 11. exf6 exf6 12. Qe2 O-O 13. O-O-O f5 14. g5
Nf7 15. d4 Re8 16. dxc5 Qe7 17. Qc4 Be6 18. Qb4 b5 19. Rhe1 Bc4 20. Qa5 Qb7
21. a3 Ne5 22. Nxe5 Bxe5 23. f4 Bc7 24. Rd7 Rac8 25. Nd5 Bxa5 26. Nf6+ Kf8
27. Nxh7+ Kg8 28. Nf6+ Kf8 29. Rxb7 Bxe1 30. Nh7+ Kg8 31. Nf6+ Kf8 32. Nh7+
Kg8 33. Bd4 Bf7 34. Nf6+ Kf8 35. Nh7+ 1/2-1/2

[Event "38th Olympiad"]
[Site "Dresden GER"]
[Date "2008.11.20"]
[Round "7"]
[White "Stanojoski,Z"]
[Black "Sequera Paolini,J"]
[Result "1-0"]
[WhiteElo "2502"]
[BlackElo "2398"]
[EventDate "2008.11.13"]

1. e4 e6 2. d4 d5 3. Nd2 Nf6 4. e5 Nfd7 5. f4 c5 6. c3 Nc6 7. Ndf3 Qb6 8.
a3 c4 9. Ne2 Na5 10. g4 Qb3 11. f5 Qxd1+ 12. Kxd1 Nb6 13. Bh3 Nb3 14. Rb1
Na4 15. Be3 a5 16. fxe6 Bxe6 17. Ng5 Ra6 18. Nxe6 fxe6 19. g5 Be7 20. Rf1
Rf8 21. Rxf8+ Bxf8 22. Kc2 Rb6 23. Bg4 Ke7 24. h4 Ke8 25. Bh3 Ke7 26. Nf4
Na1+ 27. Kc1 Nb3+ 28. Kd1 Kf7 29. Kc2 Ke7 30. Bg1 g6 31. Bg4 Bg7 32. Rf1
Na1+ 33. Rxa1 Rxb2+ 34. Kc1 Rb3 35. Rb1 b5 36. Rxb3 cxb3 37. Nxe6 Nxc3 1-0

[Event "38th Olympiad"]
[Site "Dresden GER"]
[Date "2008.11.20"]
[Round "7"]
[White "Soto Paez,O"]
[Black "Mitkov,N1"]
[Result "0-1"]
[WhiteElo "2396"]
[BlackElo "2556"]
[EventDate "2008.11.13"]

1. e4 e5 2. Nf3 Nc6 3. Bb5 Nf6 4. d3 Bc5 5. Bxc6 dxc6 6. O-O Qe7 7. h3 Nd7
8. Nbd2 f6 9. Nc4 Nf8 10. d4 exd4 11. Nxd4 Qf7 12. b3 Bd7 13. Be3 O-O-O 14.
Qf3 Bxd4 15. Bxd4 Be6 16. Rfd1 Bxc4 17. bxc4 Qxc4 18. Bxf6 Rxd1+ 19. Rxd1
gxf6 20. Qxf6 Ng6 21. Qg7 Qe6 22. Qd4 b6 23. f4 Qe7 24. Qc4 Nxf4 25. Qxc6
Kb8 26. Rd7 Qe5 27. Rf7 Rg8 28. c3 Nxg2 0-1

[Event "38th Olympiad"]
[Site "Dresden GER"]
[Date "2008.11.20"]
[Round "7"]
[White "Megaranto,S"]
[Black "Mateo,Ra"]
[Result "1-0"]
[WhiteElo "2536"]
[BlackElo "2488"]
[EventDate "2008.11.13"]

1. e4 c5 2. Nf3 d6 3. d4 cxd4 4. Nxd4 e5 5. Nb3 Nf6 6. Nc3 Be7 7. Be2 Be6
8. Be3 Nc6 9. Qd2 O-O 10. Rd1 Qb8 11. O-O Rd8 12. Bf3 d5 13. exd5 Nb4 14.
Bg5 Bxd5 15. Bxf6 Bc4 16. Qxd8+ Bxd8 17. Rxd8+ Qxd8 18. Bxd8 Bxf1 19. Be7
1-0